Statistiken für EM Kader 2020 Italien

Klicken Sie hier um das Quiz zu spielen!

Allgemein

  • Dieses Quiz wurde 32 mal gespielt
  • Das Durchschnittsergebnis liegt bei 19 aus 27

Antwortstatistiken

PositionVereinAntwort% Korrekt
GKAC MilanGianluigi Donnarumma
100%
STLazioCiro Immobile
96%
DFJuventusGiorgio Chiellini
96%
DFJuventusLeonardo Bonucci
96%
MFChelseaJorginho
89%
MFParis Saint-GermainMarco Verratti
89%
MFSassuoloManuel Locatelli
81%
MFInterNicolo Barella
81%
CoachItalienRoberto Mancini
81%
DFChelseaEmerson
78%
MFJuventusFederico Chiesa
78%
STSSC NapoliLorenzo Insigne
78%
GKSSC NapoliAlex Meret
74%
STSassuoloDomenico Berardi
74%
DFSSC NapoliGiovanni Di Lorenzo
74%
DFAS RomaLeonardo Spinazzola
74%
DFInterAlessandro Bastoni
70%
DFLazioFrancesco Acerbi
70%
STTorinoAndrea Belotti
67%
MFAS RomaBryan Cristante
56%
GKTorinoSalvatore Sirigu
52%
DFAtalantaRafael Toloi
48%
DFAS RomaAlessandro Florenzi
41%
STSassuoloGiacomo Raspadori
41%
MFAtalantaMatteo Pessina
41%
MFJuventusFederico Bernardeschi
33%
MFFiorentinaGaetano Castrovilli
26%

Verteilung der Resultate

Perzentil nach korrekt beantworteten Fragen

Anzahl Personen mit jedem Resultat

Ihre Resultats-Entwicklung

Sie haben dieses Quiz noch nicht gespielt